000 00466cam a22001097a 4500
008 180718b1973 xxu||||| |||| 00| 0 eng d
082 _aR112x54 In2r/WG/Rur
245 _aImpact of rural electrification and minor irrigation on rural unemployment
_cby Ministry of Labour and Rehabilitation, Committee on Unemployment
260 _aNew Delhi
_bGovernment of India
_c1973
300 _a84p
700 _aIndia, Ministry of Labour and Rehabilitation, Committee on Unemployment
999 _c495694
_d495694